000 00434nam a2200181Ia 4500
001 10247
005 20260306161818.0
008 260306t2002||||xx |||||||||||||| ||spa||
041 _aESP
082 _a909.82
_bH59 T. 2
100 _aGispert, Carlos
_eAUT
245 0 _aHistoria del siglo XX:
_b1943-1973
260 _c2002
300 _apáginas 417-832
_c29 cm.
650 _aGEN
654 _aCHU
942 _cLIB
_dJUS
_fJUS
_2ddc
_n
999 _c10247
_d10247